| 000 | 00409nam a22001457a 4500 | ||
|---|---|---|---|
| 999 |
_c7736 _d7736 |
||
| 003 | GBCCL | ||
| 005 | 20241126110635.0 | ||
| 008 | 180914b ||||| |||| 00| 0 eng d | ||
| 040 | _cgbc | ||
| 082 |
_aSOU YOU _b2006 |
||
| 245 |
_aYoung Paite association New Lamka unit : _bsilver jubilee souvenir 1981-2006 / _cT Vanlalsiam , editor |
||
| 260 |
_c2006. _aNew Lamka, _bYPA, |
||
| 300 | _a156p ; | ||
| 942 |
_2ddc _cARCH |
||